000 00824nam a2200253Ia 4500
003 OSt
005 20220925232532.0
006 a|||||r|||| 00| 0
007 ta
008 220923b |||||||| |||| 00| 0 eng d
020 _a9788185026916
_c2030
037 _b40647, 21/03/2014, Segment Book Distrobutors
_cGeneral Book
040 _aRTL
_cRTL
_beng
041 _2eng
_aeng
082 _aNQ44xN28:g, Q0
100 _aPADAMSEE Bhanumati
_9297401
245 0 _aAkbar padamsee work in language
260 _aMumbai
_bMarg Publication
_c2010
300 _a372p.
_ccm.
650 _aSociology
700 _a GARIMELLA Annapurna.
_9297402
942 _hNQ44xN28:g, Q0
_cGB
_2CC
999 _c591534
_d591534